000 00675nam a2200169Ia 4500
008 220216s9999 xx 000 0 und d
100 _aMadhusoodanan K.N.
245 0 _aNatural rubber nanocomposites from pristine and organically modified layered silicates by melt interaction process
260 _bIn: Preprints of Papers. International Natural Rubber Conference, India 2005, 6-8 November 2005, Rubber Research Institute of India, Kottayam, Kerala, India, pp. 389-397.
_c2005
650 _aCure characteristics
650 _aIntercalation
650 _aLayered silicate
650 _aNanocomposite
650 _aNatural rubber
700 _aVarghese S.
942 _cBS
999 _c52624
_d52624